| 000 | 00873cam a2200217 4500 | ||
|---|---|---|---|
| 001 | ABS63915 | ||
| 008 | 000000n2001 000 0 eng u | ||
| 035 | _a(Sirsi) u112402 | ||
| 100 | _aArmstrong, L | ||
| 245 | _aLend your support to the long march | ||
| 260 | _c2001 | ||
| 490 |
_aEstates Gazette _v(0016) 21 April 2001, 60(1) |
||
| 520 | _aLouis Armstrong chief executive of the RICS paints a positive picture of the RICS reform process. He explains that it is essential to raise the status of the RICS so that more clients wish to employ and pay more for surveyors services and to encourage more talented youngsters to become surveyors. Calls for active support from every member of the profession. | ||
| 590 | _aABS | ||
| 650 | _aRICS | ||
| 650 | _aRICS REORGANISATION | ||
| 650 | _aUNIVERSITIES | ||
| 650 | _aREFORM | ||
| 690 | _aRICS NEWS | ||
| 942 | _n0 | ||
| 999 |
_c66898 _d66898 |
||